[Event "Vesterhavsturneringen 2004"]
[Site "Esbjerg"]
[Date "2004.07.07"]
[Round "6"]
[White "Nielsen, Anders"]
[Black "Fredgaard, Jonathan"]
[Result "0-1"]
[WhiteElo "1733"]
[BlackElo "1563"]
[PlyCount "108"]
[EventDate "2004.??.??"]
[EventType "swiss"]
[EventRounds "9"]
[EventCountry "DEN"]

1. e4 d5 2. exd5 Qxd5 3. Nc3 Qa5 4. d4 e5 5. Qh5 Nc6 6. d5 Nf6 7. Qd1 Nd4 8.
Bc4 Bf5 9. Bb3 O-O-O 10. Bd2 Bb4 11. Nge2 Nxb3 12. axb3 Qc5 13. Be3 Qxd5 14.
O-O Qxd1 15. Rfxd1 a6 16. Rdc1 Nd5 17. Nxd5 Rxd5 18. c3 Bc5 19. Bxc5 Rxc5 20.
c4 Rd8 21. b4 Rc6 22. b5 Rcd6 23. Nc3 Bd3 24. b3 Kb8 25. Ra5 f6 26. Rca1 Bc2
27. bxa6 Rxa6 28. Rxa6 bxa6 29. Nd5 c6 30. Nb4 Rd1+ 31. Rxd1 Bxd1 32. Nxc6+ Kc7
33. Na5 e4 34. Kf1 f5 35. Ke1 Bc2 36. Kd2 Bd3 37. Ke3 g5 38. g3 h6 39. h4 Kd6
40. Kd4 f4 41. Nb7+ Kc7 42. Nc5 e3 43. Kxd3 exf2 44. Ke2 fxg3 45. hxg5 hxg5 46.
Nxa6+ Kd6 47. Kf1 Ke5 48. b4 Kf4 49. Ke2 Kg4 50. Nc5 Kh3 51. Ne4 Kh2 52. Nd2
Kh1 53. Nf1 g2 54. Ng3+ Kg1 0-1

[Event "Vesterhavsturneringen 2004"]
[Site "Esbjerg"]
[Date "2004.07.07"]
[Round "6"]
[White "Nielsen, Erling Moller"]
[Black "Bonnelykke, Ole"]
[Result "0-1"]
[WhiteElo "2034"]
[BlackElo "2065"]
[PlyCount "56"]
[EventDate "2004.??.??"]
[EventType "swiss"]
[EventRounds "9"]
[EventCountry "DEN"]

1. d4 d5 2. c4 e6 3. Nc3 f5 4. Nf3 Nf6 5. e3 c6 6. Bd3 Bd6 7. cxd5 exd5 8. Nh4
g6 9. f3 Ne4 10. fxe4 Qxh4+ 11. Kd2 fxe4 12. g3 Qe7 13. Be2 O-O 14. Kc2 Be6 15.
Bd2 b5 16. Rc1 Nd7 17. Kb1 a5 18. Ka1 Nb6 19. g4 a4 20. Nb1 Nc4 21. Bxc4 dxc4
22. a3 Rfb8 23. Qe2 b4 24. Bxb4 Bxb4 25. axb4 a3 26. Nxa3 Qxb4 27. h3 c3 28.
Rxc3 Qxc3 0-1

[Event "Vesterhavsturneringen 2004"]
[Site "Esbjerg"]
[Date "2004.07.07"]
[Round "6"]
[White "Nielsen, Henrik Lindholt"]
[Black "Hansen, Max Erik"]
[Result "1-0"]
[WhiteElo "1839"]
[BlackElo "1775"]
[PlyCount "108"]
[EventDate "2004.??.??"]
[EventType "swiss"]
[EventRounds "9"]
[EventCountry "DEN"]

1. d4 Nf6 2. Nf3 d5 3. Bf4 Bf5 4. e3 e6 5. Bd3 Bxd3 6. Qxd3 Bd6 7. Qb5+ Nbd7 8.
Qxb7 Bxf4 9. exf4 Qb8 10. Qxb8+ Rxb8 11. b3 O-O 12. Nbd2 c5 13. O-O cxd4 14.
Nxd4 Rfc8 15. c4 dxc4 16. Nxc4 g6 17. Rfc1 Nd5 18. g3 Rb7 19. Rd1 Rc5 20. Nd6
Rb6 21. Ne4 Rc7 22. Rdc1 Rb4 23. Rxc7 Nxc7 24. Rd1 Nd5 25. Ng5 Nc3 26. Nc6 Nxd1
27. Nxb4 Nc3 28. Nf3 a5 29. Nc6 Nxa2 30. Nxa5 Nb4 31. Kf1 Kf8 32. Nd4 Ke7 33.
Nc4 f6 34. Nf3 Nc5 35. Nfd2 Nbd3 36. f3 Nb4 37. Ke2 Nc2 38. Kd1 Nb4 39. Kc1
Ncd3+ 40. Kd1 e5 41. fxe5 fxe5 42. Ne4 Nc6 43. Kd2 Ndb4 44. Nc5 Nd4 45. Ke3 Kf6
46. Ke4 Nbc6 47. Nd2 Nb5 48. Kd5 Ne7+ 49. Kc4 Nd6+ 50. Kd3 Nd5 51. Nde4+ Nxe4
52. Nxe4+ Kf5 53. Kc4 Nc7 54. b4 g5 1-0

[Event "Vesterhavsturneringen 2004"]
[Site "Esbjerg"]
[Date "2004.07.07"]
[Round "6"]
[White "Nielsen, Patricia"]
[Black "Agger, Lars Breinholt"]
[Result "0-1"]
[WhiteElo "1291"]
[BlackElo "1836"]
[PlyCount "102"]
[EventDate "2004.??.??"]
[EventType "swiss"]
[EventRounds "9"]
[EventCountry "DEN"]

1. e4 c5 2. Nf3 d6 3. Nc3 Bg4 4. h3 Bh5 5. Be2 Nc6 6. Ne5 Bxe2 7. Nxc6 Bxd1 8.
Nxd8 Bxc2 9. Nxb7 a5 10. Nd5 Ra7 11. Nxc5 dxc5 12. f3 g6 13. Nf4 c4 14. O-O Bg7
15. Re1 Bd4+ 16. Kh1 Nf6 17. d3 cxd3 18. Nxd3 Rb7 19. Re2 Ba4 20. Be3 Bxe3 21.
Rxe3 Rc7 22. Rc1 Rxc1+ 23. Nxc1 Bc6 24. Ra3 a4 25. b3 axb3 26. Rxb3 Kd7 27. Nd3
Ke6 28. a4 Nd7 29. a5 Ra8 30. Rc3 Bb5 31. Nf4+ Kd6 32. Ra3 e6 33. Ra2 Kc5 34.
Ne2 Bxe2 35. Rxe2 Rxa5 36. Rd2 Kc6 37. Rc2+ Rc5 38. Ra2 h5 39. Ra8 Kd6 40. g4
hxg4 41. hxg4 Ne5 42. Kg2 Rc2+ 43. Kg3 Rc3 44. Ra6+ Ke7 45. Kf4 Nxf3 46. Ra7+
Kf8 47. g5 Kg7 48. e5 Nd2 49. Rd7 Rf3+ 50. Kg4 Rf2 51. Rd4 Rf5 0-1

[Event "Vesterhavsturneringen 2004"]
[Site "Esbjerg"]
[Date "2004.07.07"]
[Round "6"]
[White "Noe, Martin"]
[Black "Konradsen, Vagn"]
[Result "1-0"]
[WhiteElo "1506"]
[BlackElo "1196"]
[PlyCount "51"]
[EventDate "2004.??.??"]
[EventType "swiss"]
[EventRounds "9"]
[EventCountry "DEN"]

1. e4 d6 2. d4 c6 3. c3 Nf6 4. Bd3 e5 5. Ne2 Bg4 6. f3 Be6 7. O-O Be7 8. Be3
exd4 9. cxd4 d5 10. Qc2 dxe4 11. fxe4 g6 12. Bc4 Ng4 13. Bd2 Bxc4 14. Qxc4 Nf6
15. Nbc3 Nbd7 16. e5 Nb6 17. Qb3 Nfd5 18. Nf4 Nxf4 19. Rxf4 Qd7 20. Qxf7+ Kd8
21. Rd1 Bg5 22. Qxd7+ Kxd7 23. Rf7+ Ke6 24. Rxb7 Bxd2 25. Rxd2 Nc4 26. Rf2 1-0

[Event "Vesterhavsturneringen 2004"]
[Site "Esbjerg"]
[Date "2004.07.07"]
[Round "6"]
[White "Pedersen, Jan"]
[Black "Madsen, Simon Rise"]
[Result "1/2-1/2"]
[WhiteElo "2393"]
[BlackElo "1250"]
[PlyCount "61"]
[EventDate "2004.??.??"]
[EventType "swiss"]
[EventRounds "9"]
[EventCountry "DEN"]

1. e4 e5 2. Nf3 Nc6 3. Bb5 Nf6 4. O-O g6 5. d4 Nxe4 6. Re1 Nd6 7. Bxc6 bxc6 8.
Rxe5+ Be7 9. Bg5 Nf5 10. g4 d6 11. Re1 O-O 12. Bxe7 Nxe7 13. Ng5 Nd5 14. Ne4
Qh4 15. f3 Nf4 16. Qd2 f5 17. gxf5 Bxf5 18. Ng3 Nh5 19. Nxf5 Rxf5 20. Re4 Nf4
21. Nc3 Rg5+ 22. Kh1 Rf8 23. Rg1 Rxg1+ 24. Kxg1 Nh3+ 25. Kg2 Qh5 26. Rg4 Nf4+
27. Kg1 Qh6 28. Ne4 Nh3+ 29. Kg2 Nf4+ 30. Kh1 Qh3 31. Qf2 1/2-1/2

[Event "Vesterhavsturneringen 2004"]
[Site "Esbjerg"]
[Date "2004.07.07"]
[Round "6"]
[White "Pedersen, Lars Wisler"]
[Black "Storgaard, Morten Swayne"]
[Result "0-1"]
[WhiteElo "1704"]
[BlackElo "1505"]
[PlyCount "138"]
[EventDate "2004.??.??"]
[EventType "swiss"]
[EventRounds "9"]
[EventCountry "DEN"]

1. e4 e6 2. Nf3 d5 3. exd5 exd5 4. d4 Nf6 5. Bf4 Bd6 6. Bxd6 Qxd6 7. c3 O-O 8.
Be2 Bf5 9. O-O Nbd7 10. Nh4 Be6 11. Bd3 Qf4 12. g3 Qd6 13. Nf5 Bxf5 14. Bxf5
Rfe8 15. Nd2 c5 16. Nf3 b6 17. Qd2 g6 18. Bxd7 Nxd7 19. Rfe1 Kg7 20. Rxe8 Rxe8
21. Re1 Re6 22. Ng5 Rxe1+ 23. Qxe1 Qf6 24. Qe8 Qxg5 25. Qxd7 Qc1+ 26. Kg2 Qxb2
27. Qxd5 Qxc3 28. Qe5+ Kg8 29. Qe8+ Kg7 30. d5 Qd4 31. Qc6 Qe4+ 32. Kf1 c4 33.
a4 Qd3+ 34. Kg2 c3 35. d6 c2 36. d7 c1=Q 37. Qxc1 Qxd7 38. Qb2+ Kg8 39. Qb5
Qb7+ 40. Kf1 a6 41. Qe8+ Kg7 42. Qe5+ f6 43. Qd6 b5 44. a5 Qh1+ 45. Ke2 Qe4+
46. Kd2 Qb7 47. Qb6 Qd5+ 48. Kc2 Qc4+ 49. Kb2 b4 50. Qa7+ Kh6 51. Qe3+ g5 52.
h4 Qc3+ 53. Qxc3 bxc3+ 54. Kxc3 gxh4 55. gxh4 Kh5 56. Kc4 Kxh4 57. Kc5 Kg5 58.
Kb6 h5 59. Kxa6 h4 60. Kb7 h3 61. a6 h2 62. a7 h1=Q+ 63. Kb8 f5 64. a8=Q Qxa8+
65. Kxa8 Kf4 66. Kb7 Kf3 67. Kc6 Kxf2 68. Kd5 f4 69. Ke4 f3 0-1

[Event "Vesterhavsturneringen 2004"]
[Site "Esbjerg"]
[Date "2004.07.07"]
[Round "6"]
[White "Petersen, Martin Reib"]
[Black "Stovring, Claus"]
[Result "0-1"]
[WhiteElo "1783"]
[BlackElo "1975"]
[PlyCount "60"]
[EventDate "2004.??.??"]
[EventType "swiss"]
[EventRounds "9"]
[EventCountry "DEN"]

1. d4 Nf6 2. c4 g6 3. Nc3 Bg7 4. e4 d6 5. f3 O-O 6. Be3 Nc6 7. Qd2 a6 8. g4 Rb8
9. h4 h5 10. g5 Nd7 11. f4 e5 12. fxe5 dxe5 13. d5 Nd4 14. b4 c5 15. Rb1 cxb4
16. Rxb4 Nc5 17. Qb2 Bg4 18. Rb6 Qd7 19. Kd2 Rfc8 20. Nh3 Bf3 21. Rh2 Bxe4 22.
Nf2 Nf3+ 23. Kc1 Nxh2 24. Nfxe4 Nxe4 25. Nxe4 Nxf1 26. Nc5 Qf5 27. Bf2 Qf4+ 28.
Kd1 Ne3+ 29. Bxe3 Qxe3 30. Nd7 Rxc4 0-1

[Event "Vesterhavsturneringen 2004"]
[Site "Esbjerg"]
[Date "2004.07.07"]
[Round "6"]
[White "Petersen, Tom Petri"]
[Black "Poulsen, Iver"]
[Result "1/2-1/2"]
[WhiteElo "2202"]
[BlackElo "2084"]
[PlyCount "29"]
[EventDate "2004.??.??"]
[EventType "swiss"]
[EventRounds "9"]
[EventCountry "DEN"]

1. g3 d5 2. Bg2 e5 3. d3 c6 4. Nf3 Nd7 5. e4 Ngf6 6. O-O Bd6 7. Nbd2 O-O 8. Re1
Re8 9. c3 Nc5 10. Qc2 dxe4 11. Nxe4 Nfxe4 12. dxe4 a5 13. Be3 Qc7 14. Nd2 Be6
15. Bf1 1/2-1/2

[Event "Vesterhavsturneringen 2004"]
[Site "Esbjerg"]
[Date "2004.07.07"]
[Round "6"]
[White "Pontoppidan, Erik"]
[Black "Nielsen, Marianne Izaura"]
[Result "0-1"]
[WhiteElo "1750"]
[BlackElo "1617"]
[PlyCount "38"]
[EventDate "2004.??.??"]
[EventType "swiss"]
[EventRounds "9"]
[EventCountry "DEN"]

1. d4 Nf6 2. c4 g6 3. g3 Bg7 4. Bg2 O-O 5. Nc3 d6 6. Nf3 Nbd7 7. O-O e5 8. e4
exd4 9. Nxd4 Nb6 10. b3 Re8 11. Bb2 c5 12. Nde2 Nxe4 13. Bxe4 Rxe4 14. Nxe4
Bxb2 15. Rb1 Be5 16. f4 Bg7 17. Nxd6 Bg4 18. Re1 Bd4+ 19. Kg2 Qxd6 0-1

[Event "Vesterhavsturneringen 2004"]
[Site "Esbjerg"]
[Date "2004.07.07"]
[Round "6"]
[White "Porsgaard, Per Lykke"]
[Black "Kaarsberg, Allan"]
[Result "0-1"]
[WhiteElo "1462"]
[BlackElo "1766"]
[PlyCount "52"]
[EventDate "2004.??.??"]
[EventType "swiss"]
[EventRounds "9"]
[EventCountry "DEN"]

1. d4 f5 2. c4 e6 3. Nc3 Nf6 4. Bg5 Be7 5. Nf3 d6 6. d5 e5 7. Bxf6 Bxf6 8. e4
O-O 9. Bd3 Qe7 10. O-O f4 11. c5 Kh8 12. cxd6 cxd6 13. Rc1 a6 14. Na4 Nd7 15.
Rc7 Qe8 16. Qc2 b5 17. Nc3 Qd8 18. Ne2 Nc5 19. Rxc5 dxc5 20. Qxc5 Bg4 21. Nd2
Rc8 22. Qa7 Qd6 23. Nb3 Rc7 24. Qxc7 Qxc7 25. f3 Qb6+ 26. Kh1 Qe3 0-1

[Event "Vesterhavsturneringen 2004"]
[Site "Esbjerg"]
[Date "2004.07.07"]
[Round "6"]
[White "Roerholt, Carsten"]
[Black "Clausen, Borge"]
[Result "1/2-1/2"]
[WhiteElo "1618"]
[BlackElo "1400"]
[PlyCount "43"]
[EventDate "2004.??.??"]
[EventType "swiss"]
[EventRounds "9"]
[EventCountry "DEN"]

1. e4 e5 2. Nf3 d6 3. d4 exd4 4. Nxd4 Nf6 5. Nc3 a6 6. a4 Bd7 7. Be2 h6 8. Be3
Be7 9. Qd2 Nc6 10. f3 Nxd4 11. Bxd4 Be6 12. O-O O-O 13. Rae1 d5 14. Bxf6 Bxf6
15. exd5 Bxc3 16. Qxc3 Bxd5 17. Rd1 c6 18. Qb4 Qc7 19. c4 c5 20. Qc3 Bc6 21. b3
Rfe8 22. Bd3 1/2-1/2

[Event "Vesterhavsturneringen 2004"]
[Site "Esbjerg"]
[Date "2004.07.07"]
[Round "6"]
[White "Rosenberg, Jan"]
[Black "Jensen, Leif"]
[Result "0-1"]
[WhiteElo "1786"]
[BlackElo "2057"]
[PlyCount "116"]
[EventDate "2004.??.??"]
[EventType "swiss"]
[EventRounds "9"]
[EventCountry "DEN"]

1. e4 e6 2. d4 d5 3. Nc3 dxe4 4. Nxe4 Bd7 5. Nf3 Bc6 6. Bd3 Bxe4 7. Bxe4 c6 8.
O-O Nf6 9. Bd3 Bd6 10. Re1 Nbd7 11. Bd2 Qc7 12. c4 O-O 13. g3 c5 14. Rc1 Rfd8
15. dxc5 Nxc5 16. Bb1 Be7 17. Qe2 b6 18. b4 Ncd7 19. a3 Rac8 20. Bf4 Bd6 21.
Bxd6 Qxd6 22. Red1 Qc7 23. Rd4 Nf8 24. Rxd8 Rxd8 25. Ba2 Qd7 26. Bb3 Qd3 27.
Qd1 Ne4 28. Ne5 Qxd1+ 29. Rxd1 Rc8 30. Kg2 f6 31. Ng4 h5 32. Ne3 Kf7 33. Rd3
Ke7 34. f3 Nd6 35. f4 g5 36. fxg5 fxg5 37. Rd5 Nd7 38. h3 Ne5 39. Ba2 a5 40. b5
Rf8 41. Rd2 Ne4 42. Re2 Rf3 43. Nf1 Rxf1 44. Rxe4 Ra1 45. Re2 Nd3 46. c5 Nxc5
47. Kf3 Rf1+ 48. Kg2 Rc1 49. a4 Rc3 50. Bd5 Ra3 51. Bf3 h4 52. gxh4 gxh4 53.
Bg4 Rxa4 54. Re5 Rb4 55. Rh5 a4 56. Rh7+ Kd6 57. Rxh4 a3 58. Rh8 a2 0-1

[Event "Vesterhavsturneringen 2004"]
[Site "Esbjerg"]
[Date "2004.07.07"]
[Round "6"]
[White "Sandbech, Ted"]
[Black "Jensen, Jan"]
[Result "0-1"]
[WhiteElo "1613"]
[BlackElo "1675"]
[PlyCount "96"]
[EventDate "2004.??.??"]
[EventType "swiss"]
[EventRounds "9"]
[EventCountry "DEN"]

1. Nf3 Nf6 2. d4 e6 3. c4 Bb4+ 4. Bd2 Bxd2+ 5. Nbxd2 d5 6. e3 O-O 7. Be2 Nbd7
8. O-O c6 9. Rc1 Qe7 10. Re1 e5 11. dxe5 Nxe5 12. cxd5 Nxd5 13. a3 Nxf3+ 14.
Bxf3 Be6 15. Qa4 Rfd8 16. Rcd1 Nb6 17. Qc2 f6 18. Be4 g6 19. Nf1 Kf7 20. Rxd8
Rxd8 21. Bd3 Rd7 22. Rd1 Qd8 23. b3 Qe7 24. b4 Qd8 25. Rd2 Rd5 26. e4 Rd4 27.
Qd1 Qd7 28. f4 Bg4 29. Qb3+ Be6 30. Qc3 Na4 31. Qc2 Nb6 32. f5 gxf5 33. exf5
Bd5 34. Qd1 Kf8 35. Bc2 Qg7 36. Ng3 Rg4 37. Bb3 Qg5 38. Re2 Nc4 39. Qe1 Ne5 40.
Bxd5 cxd5 41. Rd2 h5 42. Qf2 h4 43. Qc5+ Kg7 44. Qe7+ Kh6 45. Qf8+ Qg7 46. Qc8
hxg3 47. h3 Rc4 48. Qd8 Rc1+ 0-1

[Event "Vesterhavsturneringen 2004"]
[Site "Esbjerg"]
[Date "2004.07.07"]
[Round "6"]
[White "Schandorff, Lars"]
[Black "Pedersen, Christian Kyndel"]
[Result "1-0"]
[WhiteElo "2505"]
[BlackElo "2366"]
[PlyCount "69"]
[EventDate "2004.??.??"]
[EventType "swiss"]
[EventRounds "9"]
[EventCountry "DEN"]

1. d4 Nf6 2. c4 e6 3. Nf3 b6 4. g3 Ba6 5. b3 Bb4+ 6. Bd2 Be7 7. Nc3 d5 8. cxd5
exd5 9. Bg2 O-O 10. O-O Nbd7 11. Qc2 c5 12. Rfd1 Rc8 13. Qb2 Bb7 14. Bf4 Re8
15. dxc5 Bxc5 16. Nd4 Qe7 17. Ncb5 a6 18. Nd6 Bxd6 19. Nf5 Qxe2 20. Qxe2 Rxe2
21. Nxd6 Rb8 22. Bf1 Re6 23. Nxb7 Rxb7 24. Bxa6 Ra7 25. Bb5 h6 26. Be3 Ne5 27.
Kg2 Rd6 28. a4 Ne4 29. Rac1 f6 30. f3 Ng5 31. f4 Ng4 32. Bg1 Ne4 33. h3 f5 34.
hxg4 Rg6 35. Bc6 1-0

[Event "Vesterhavsturneringen 2004"]
[Site "Esbjerg"]
[Date "2004.07.07"]
[Round "6"]
[White "Sedlak, Nikola"]
[Black "Wilton, Lars"]
[Result "1-0"]
[WhiteElo "2519"]
[BlackElo "2125"]
[PlyCount "57"]
[EventDate "2004.??.??"]
[EventType "swiss"]
[EventRounds "9"]
[EventCountry "DEN"]

1. e4 d5 2. exd5 Nf6 3. Bb5+ Bd7 4. Be2 Nxd5 5. d4 g6 6. c4 Nb6 7. Nc3 Bc8 8.
Nf3 Bg7 9. h3 O-O 10. Be3 Nc6 11. Qd2 e5 12. d5 Ne7 13. g4 e4 14. Nxe4 f5 15.
Nc5 fxg4 16. hxg4 Rxf3 17. Bxf3 Nxc4 18. Qe2 Ne5 19. O-O-O Qf8 20. Be4 Nxg4 21.
Bg5 Nf5 22. Ne6 Bxe6 23. dxe6 Qc5+ 24. Kb1 Nxf2 25. Rd5 Qb6 26. Bxf5 gxf5 27.
e7 Ne4 28. Rd8+ Kf7 29. e8=Q# 1-0

[Event "Vesterhavsturneringen 2004"]
[Site "Esbjerg"]
[Date "2004.07.07"]
[Round "6"]
[White "Sig, Preben"]
[Black "Jakobsen, Christian Kjaergaar"]
[Result "1/2-1/2"]
[WhiteElo "1800"]
[BlackElo "2044"]
[PlyCount "25"]
[EventDate "2004.??.??"]
[EventType "swiss"]
[EventRounds "9"]
[EventCountry "DEN"]

1. e4 c5 2. Nf3 Nc6 3. d4 cxd4 4. Nxd4 Nf6 5. Nc3 e5 6. Ndb5 d6 7. f3 a6 8. Na3
b5 9. Nd5 Bb7 10. c4 Nd4 11. Be3 Nxd5 12. cxd5 f5 13. Bxd4 1/2-1/2

[Event "Vesterhavsturneringen 2004"]
[Site "Esbjerg"]
[Date "2004.07.07"]
[Round "6"]
[White "Skovgaard, Peter Nicolai"]
[Black "Hoi, Carsten"]
[Result "1/2-1/2"]
[WhiteElo "2045"]
[BlackElo "2359"]
[PlyCount "121"]
[EventDate "2004.??.??"]
[EventType "swiss"]
[EventRounds "9"]
[EventCountry "DEN"]

1. e4 Nc6 2. Nc3 g6 3. g3 Bg7 4. Bg2 e5 5. d3 d6 6. Nf3 Nge7 7. O-O O-O 8. Nh4
Nd4 9. f4 exf4 10. Bxf4 h6 11. Nf3 Nxf3+ 12. Bxf3 Nc6 13. Qd2 Kh7 14. Rae1 Be6
15. a3 Qd7 16. Nd1 d5 17. exd5 Bxd5 18. Bxd5 Qxd5 19. Ne3 Qd7 20. Nc4 Rae8 21.
a4 Nd4 22. c3 Rxe1 23. Qxe1 Re8 24. Ne5 Bxe5 25. Bxe5 Nc6 26. d4 f5 27. Qd1
Nxe5 28. dxe5 Rd8 29. Qb3 Qd5 30. Qxd5 Rxd5 31. Rf4 Rxe5 32. Rd4 Re7 33. Rd8 a6
34. b4 Kg7 35. Kf2 Kf6 36. h4 Re6 37. Rb8 Rc6 38. Rxb7 Rxc3 39. Ra7 Rc4 40. b5
axb5 41. axb5 Rc2+ 42. Kg1 f4 43. gxf4 Kf5 44. Ra6 h5 45. b6 cxb6 46. Rxb6 Re2
47. Ra6 Re4 48. Kg2 Rxf4 49. Ra5+ Ke4 50. Ra4+ Ke5 51. Ra5+ Kf6 52. Ra6+ Kg7
53. Kg3 Rb4 54. Rc6 Rb3+ 55. Kg2 Rb4 56. Kg3 Rg4+ 57. Kh3 Rf4 58. Kg3 Rf6 59.
Rxf6 Kxf6 60. Kf4 Ke6 61. Ke4 1/2-1/2

[Event "Vesterhavsturneringen 2004"]
[Site "Esbjerg"]
[Date "2004.07.07"]
[Round "6"]
[White "Sondergaard, Thomas"]
[Black "Hamann, Brian"]
[Result "1-0"]
[WhiteElo "1872"]
[BlackElo "1667"]
[PlyCount "61"]
[EventDate "2004.??.??"]
[EventType "swiss"]
[EventRounds "9"]
[EventCountry "DEN"]

1. e4 c5 2. Nc3 Nc6 3. f4 d6 4. Nf3 Nf6 5. g3 g6 6. Bg2 Bg7 7. O-O O-O 8. d3
Bg4 9. Ne2 Bxf3 10. Bxf3 Nd7 11. c3 Rb8 12. Kh1 e5 13. f5 b6 14. g4 Qe7 15. Qe1
Bf6 16. Bh6 Bg7 17. Be3 Bf6 18. Qd2 g5 19. h4 h6 20. Kg2 Kg7 21. Ng3 Rh8 22.
Nh5+ Kf8 23. Nxf6 Nxf6 24. hxg5 hxg5 25. Bxg5 Ke8 26. Rh1 Kd7 27. Rxh8 Rxh8 28.
Rh1 Rg8 29. Bh4 Rh8 30. Kg3 Rg8 31. Qh6 1-0

[Event "Vesterhavsturneringen 2004"]
[Site "Esbjerg"]
[Date "2004.07.07"]
[Round "6"]
[White "Sulypa, Alexandre"]
[Black "Fedorchuk, Sergey"]
[Result "1/2-1/2"]
[WhiteElo "2469"]
[BlackElo "2569"]
[PlyCount "40"]
[EventDate "2004.??.??"]
[EventType "swiss"]
[EventRounds "9"]
[EventCountry "DEN"]

1. e4 e5 2. Nf3 Nc6 3. Bb5 a6 4. Ba4 Nf6 5. O-O Be7 6. Re1 b5 7. Bb3 d6 8. c3
O-O 9. h3 Nb8 10. d4 Nbd7 11. Nbd2 Bb7 12. Bc2 Re8 13. Nf1 Bf8 14. Ng3 g6 15.
a4 Bg7 16. Bd3 c6 17. b3 Qc7 18. Bb2 Nf8 19. axb5 axb5 20. Rxa8 Bxa8 1/2-1/2

[Event "Vesterhavsturneringen 2004"]
[Site "Esbjerg"]
[Date "2004.07.07"]
[Round "6"]
[White "Svensson, Sven"]
[Black "Kragh, Niels Kristian"]
[Result "1/2-1/2"]
[WhiteElo "2117"]
[BlackElo "1981"]
[PlyCount "36"]
[EventDate "2004.??.??"]
[EventType "swiss"]
[EventRounds "9"]
[EventCountry "DEN"]

1. d4 e6 2. c4 f5 3. g3 Nf6 4. Bg2 Be7 5. Nf3 O-O 6. O-O d6 7. Nc3 Ne4 8. Qd3
Nxc3 9. Qxc3 Bf6 10. Qc2 Nc6 11. Rd1 Qe7 12. Be3 e5 13. d5 Nb4 14. Qd2 Na6 15.
b4 h6 16. b5 Nb8 17. Qc2 b6 18. a4 a5 1/2-1/2

[Event "Vesterhavsturneringen 2004"]
[Site "Esbjerg"]
[Date "2004.07.08"]
[Round "7"]
[White "Aagaard, Kasper Bek"]
[Black "Nielsen, Anders"]
[Result "1-0"]
[WhiteElo "1452"]
[BlackElo "1733"]
[PlyCount "137"]
[EventDate "2004.??.??"]
[EventType "swiss"]
[EventRounds "9"]
[EventCountry "DEN"]

1. e4 c5 2. Nf3 d6 3. d4 cxd4 4. Nxd4 Nf6 5. Nc3 g6 6. Be3 Bg7 7. f3 Bd7 8. Qd2
Nc6 9. O-O-O Rc8 10. Kb1 a6 11. g4 Ne5 12. h4 b5 13. a3 Qa5 14. Nd5 Qxd2 15.
Nxf6+ Bxf6 16. Rxd2 h5 17. g5 Bg7 18. Be2 O-O 19. f4 Ng4 20. Bxg4 Bxg4 21. Rf1
Rc4 22. f5 Re8 23. f6 exf6 24. gxf6 Bf8 25. Nb3 Rcxe4 26. Bg5 Re1+ 27. Rxe1
Rxe1+ 28. Ka2 Be6 29. Rd4 Bc4 30. a4 d5 31. axb5 Bc5 32. Rxc4 dxc4 33. Nxc5
axb5 34. Ka3 Re2 35. Kb4 Rxc2 36. Kxb5 Kf8 37. Nd7+ Ke8 38. Ne5 c3 39. bxc3
Rxc3 40. Nc4 Kd7 41. Kc5 Ke6 42. Kd4 Rg3 43. Ne3 Rg1 44. Ke4 Ra1 45. Kf3 Ra4
46. Nc2 Ke5 47. Ne3 Ra3 48. Ke2 Ke4 49. Nc4 Ra2+ 50. Nd2+ Rxd2+ 51. Kxd2 Kd4
52. Kc2 Ke4 53. Kc3 Ke5 54. Kc4 Kd6 55. Kd4 Ke6 56. Kc5 Kd7 57. Kd5 Kc7 58.
Bf4+ Kd7 59. Bd6 Kd8 60. Kc6 Ke8 61. Bc7 g5 62. hxg5 h4 63. Bb6 h3 64. Bc7 Kf8
65. Kd7 Kg8 66. Ke7 Kh7 67. Kxf7 Kh8 68. g6 h2 69. g7+ 1-0

[Event "Vesterhavsturneringen 2004"]
[Site "Esbjerg"]
[Date "2004.07.08"]
[Round "7"]
[White "Agger, Lars Breinholt"]
[Black "Hust, Christian Winther"]
[Result "1-0"]
[WhiteElo "1836"]
[BlackElo "1561"]
[PlyCount "81"]
[EventDate "2004.??.??"]
[EventType "swiss"]
[EventRounds "9"]
[EventCountry "DEN"]

1. e4 d6 2. d4 Nf6 3. Nc3 g6 4. Bc4 Bg7 5. f4 Nxe4 6. Bxf7+ Kxf7 7. Nxe4 Rf8 8.
Qd3 d5 9. Ng5+ Kg8 10. Bd2 Bf5 11. Qe3 Rf6 12. O-O-O Nc6 13. Ne2 h6 14. Nf3 Re6
15. Ne5 Nxe5 16. dxe5 c5 17. Ng3 d4 18. Qf3 Qc7 19. Nxf5 gxf5 20. Rdg1 Ra6 21.
a3 Rg6 22. h3 c4 23. g4 fxg4 24. hxg4 c3 25. bxc3 dxc3 26. Bxc3 Rc8 27. Bb2 Rc6
28. Qe4 Rc4 29. Qf5 Qb6 30. Rf1 Rf8 31. Qh5 Rcxf4 32. Rxf4 Qe3+ 33. Kb1 Qxf4
34. Rd1 Qe4 35. Rg1 Rc8 36. Qf5 Qc6 37. Qd3 Qb6 38. Rf1 Bxe5 39. Qd5+ e6 40.
Qxe5 Qc7 41. Qh8# 1-0

[Event "Vesterhavsturneringen 2004"]
[Site "Esbjerg"]
[Date "2004.07.08"]
[Round "7"]
[White "Andersen, Hans Jorgen"]
[Black "Klos, Bjarne"]
[Result "1/2-1/2"]
[WhiteElo "2060"]
[BlackElo "1758"]
[PlyCount "43"]
[EventDate "2004.??.??"]
[EventType "swiss"]
[EventRounds "9"]
[EventCountry "DEN"]

1. e4 e6 2. d4 d5 3. exd5 exd5 4. Nf3 Bd6 5. Be2 Ne7 6. O-O O-O 7. b3 Bf5 8. c4
c6 9. c5 Bc7 10. Bg5 h6 11. Bh4 Qd7 12. Nc3 Ng6 13. Bg3 Bxg3 14. fxg3 Qc8 15.
Bd3 Bxd3 16. Qxd3 Nd7 17. b4 Qc7 18. b5 Rae8 19. Rae1 Nf6 20. a4 Rxe1 21. Rxe1
Re8 22. Rxe8+ 1/2-1/2

[Event "Vesterhavsturneringen 2004"]
[Site "Esbjerg"]
[Date "2004.07.08"]
[Round "7"]
[White "Christensen, Henrik"]
[Black "Nielsen, Nicholas Roland"]
[Result "0-1"]
[WhiteElo "1874"]
[BlackElo "2176"]
[PlyCount "64"]
[EventDate "2004.??.??"]
[EventType "swiss"]
[EventRounds "9"]
[EventCountry "DEN"]

1. e4 c5 2. Nc3 Nc6 3. f4 g6 4. Nf3 Bg7 5. Bb5 Nd4 6. Bd3 e6 7. Nxd4 cxd4 8.
Nb5 d5 9. e5 f6 10. Nd6+ Kf8 11. O-O Nh6 12. c3 Nf7 13. Nxf7 Kxf7 14. cxd4 Qb6
15. Qf3 Qxd4+ 16. Kh1 Rf8 17. exf6 Bxf6 18. Qe3 Bd7 19. Rb1 Qa4 20. a3 d4 21.
Qh3 Kg7 22. b3 Qc6 23. Bb2 e5 24. Qg3 e4 25. Rbc1 Qd5 26. Bc4 Qd6 27. Rfe1 Rae8
28. b4 a6 29. Ba2 Bc6 30. Rc5 b6 31. Rh5 e3 32. dxe3 Rxe3 0-1

[Event "Vesterhavsturneringen 2004"]
[Site "Esbjerg"]
[Date "2004.07.08"]
[Round "7"]
[White "Christensen, Svend Ib"]
[Black "Hansen, Hans Valdemar"]
[Result "0-1"]
[WhiteElo "1517"]
[BlackElo "1763"]
[PlyCount "110"]
[EventDate "2004.??.??"]
[EventType "swiss"]
[EventRounds "9"]
[EventCountry "DEN"]

1. d4 c6 2. Nf3 g6 3. e4 Bg7 4. c3 d6 5. Be2 Nf6 6. e5 dxe5 7. dxe5 Qxd1+ 8.
Bxd1 Ng4 9. Bf4 Nd7 10. e6 fxe6 11. h3 Nge5 12. Nxe5 Nxe5 13. Be2 O-O 14. Be3
b6 15. Nd2 Bb7 16. Nf3 c5 17. Nxe5 Bxe5 18. O-O Bd6 19. Rad1 a6 20. Bc4 Kf7 21.
a4 Bc6 22. Bb3 b5 23. axb5 axb5 24. Ra1 Be4 25. Rfc1 c4 26. Bd1 Bd5 27. f3 Kg7
28. Bc2 Bg3 29. Rf1 h6 30. Bc5 Bd6 31. Bd4+ e5 32. Be3 Rab8 33. Ra5 Be6 34. Be4
Bf5 35. Rfa1 Bxe4 36. fxe4 g5 37. Rf1 Rxf1+ 38. Kxf1 Kg6 39. g4 Kf6 40. Kg2 Ke6
41. Ba7 Ra8 42. Bb6 Rb8 43. Be3 b4 44. Bd2 bxc3 45. Bxc3 Kd7 46. Ra4 Rc8 47.
Ra5 Kc6 48. Ra6+ Kb7 49. Ra4 Kb6 50. Ra2 Bc7 51. b3 cxb3 52. Rb2 Kc5 53. Rxb3
Kc4 54. Rb1 Kxc3 55. Rc1+ Kd3 0-1